| 000 | 00650nam a2200217 a 4500 | ||
|---|---|---|---|
| 003 | PILC | ||
| 005 | 20150930104510.0 | ||
| 008 | 121121s19uu xx 00 eng d | ||
| 020 | _a9789712360046 | ||
| 050 |
_aKPM 810 _b.D45 2011 |
||
| 100 | _aDe Leon, Hector. | ||
| 245 |
_aThe law on obligations and contracts / _cHector De Leon and Hector De Leon, Jr. |
||
| 250 | _a2011 revised edition. | ||
| 260 |
_aManila, Philippines : _bRex Bookstore, _c2011. |
||
| 300 |
_axxiii, 465 pages : _c23 cm. |
||
| 650 | _aLaws and contracts | ||
| 650 |
_aPhilippine _xContracts |
||
| 700 | _aDe Leon, Hector, Jr | ||
| 942 |
_cBK _2lcc _kLOC |
||
| 999 |
_c22470 _d22470 |
||